| 000 | 00704nam a22002177a 4500 | ||
|---|---|---|---|
| 003 | OSt | ||
| 005 | 20240701062506.0 | ||
| 008 | 240701b |||||||| |||| 00| 0 eng d | ||
| 020 | _a1556701330 | ||
| 040 |
_aDWC- Main Library _cOC |
||
| 082 | _aCirc. 641.595 C893c 1990 | ||
| 100 | _aCarpenter, Hugh | ||
| 245 |
_aChopstix: quick cooking with Pacific flavor / _cHugh Carpenter. |
||
| 260 |
_aNew York : Stewart, Tabori & Chang _bDistributed in the U.S. by Workman Pub., _cc1990. |
||
| 300 |
_a191 pages : _bcolor illustrations ; _c29 cm |
||
| 504 | _aIncludes index. | ||
| 650 | _a1. Cookery, Oriental | ||
| 650 | _a2. Quick and easy cookery | ||
| 650 | _a3. Chopstix Dim | ||
| 942 |
_2ddc _cBK-CIRC _n1 |
||
| 999 |
_c1712 _d1712 |
||